000 00642nam a2200205 i 4500
001 53319
003 ES-MaACL
005 20230906162738.0
007 t|
008 031017s1952 sp ||||1| spa d
100 0 _aErckmann-Chatrian.
_947367
245 1 3 _aEl amigo Fritz /
_cEmile Erckmann, Alexandre Chatrian ; versión española de Angel Perezagua, nota prelimminar de F.S.R.
260 _aMadrid :
_bAguilar,
_c[1952] (
_fHalar)
300 _a459 p. :
_b1 retr. ;
_c12 cm.
490 1 _aCrisol ;
_v352
700 1 _aPerezagua, Angel.
_991233
830 0 _aCrisol ;
_v352
_9180848
852 _aES-MaACL
_jD-8399
999 _c53319
_d53319